<?xml version="1.0" encoding="UTF-8"?>
<record
    xmlns:xsi="http://www.w3.org/2001/XMLSchema-instance"
    xsi:schemaLocation="http://www.loc.gov/MARC21/slim http://www.loc.gov/standards/marcxml/schema/MARC21slim.xsd"
    xmlns="http://www.loc.gov/MARC21/slim">

  <leader>01877nam a22002657a 4500</leader>
  <controlfield tag="005">20260507133625.0</controlfield>
  <controlfield tag="008">260507b        |||||||| |||| 00| 0 eng d</controlfield>
  <datafield tag="022" ind1=" " ind2=" ">
    <subfield code="a">0261-1929</subfield>
  </datafield>
  <datafield tag="040" ind1=" " ind2=" ">
    <subfield code="a">MMSU</subfield>
    <subfield code="c">ULS</subfield>
  </datafield>
  <datafield tag="210" ind1=" " ind2=" ">
    <subfield code="a">ATLA</subfield>
  </datafield>
  <datafield tag="222" ind1=" " ind2=" ">
    <subfield code="a">Alternatives to Laboratory Animals</subfield>
  </datafield>
  <datafield tag="245" ind1=" " ind2=" ">
    <subfield code="a">ATLA :</subfield>
    <subfield code="b">Alternatives to Laboratory Animals</subfield>
  </datafield>
  <datafield tag="260" ind1=" " ind2=" ">
    <subfield code="a">London: </subfield>
    <subfield code="b">Sage Publications,</subfield>
    <subfield code="c">2025-</subfield>
  </datafield>
  <datafield tag="300" ind1=" " ind2=" ">
    <subfield code="a">volumes ;</subfield>
    <subfield code="c">28 cm.</subfield>
  </datafield>
  <datafield tag="310" ind1=" " ind2=" ">
    <subfield code="a">Six times a year.</subfield>
  </datafield>
  <datafield tag="362" ind1=" " ind2=" ">
    <subfield code="a">Volume 53, Number 1 (January 2025-      )</subfield>
  </datafield>
  <datafield tag="500" ind1=" " ind2=" ">
    <subfield code="a">ATLA is a peer-reviewed journal, intended to cover all aspects of the development, validation, implementation and use of alternatives to laboratory animals in biomedical research and toxicity testing. In addition to the replacement of animals, it also covers work that aims to reduce the number of animals used and refine the in vivo </subfield>
  </datafield>
  <datafield tag="505" ind1=" " ind2=" ">
    <subfield code="t">The Use of an In Chemico Digestibility Assay to Reduce the In Vivo Fish Bioaccumulation Testing of Nanomaterials (pp. 11&#x2013;20) /</subfield>
    <subfield code="r">Craig McHardy, Nathaniel J. Clark, and Richard D. Handy</subfield>
  </datafield>
  <datafield tag="505" ind1=" " ind2=" ">
    <subfield code="t">Chemicals 2.0 and Why We Need to Bypass the Gold Standard in Regulatory Toxicology (pp. 21&#x2013;25)/</subfield>
    <subfield code="r">Andrew P. Worth, Elisabet Berggren, and Pilar Prieto</subfield>
  </datafield>
  <datafield tag="505" ind1=" " ind2=" ">
    <subfield code="t">The Use of MPS in Three Rs and Regulatory Applications: Perspectives From Developers on Stakeholder Responsibilities (pp. 26&#x2013;41) /</subfield>
    <subfield code="r">Megan R. LaFollette, Szczepan W. Baran, and Clive S. Roper</subfield>
  </datafield>
  <datafield tag="505" ind1=" " ind2=" ">
    <subfield code="t">Report of the First ONTOX Hackathon: Hack to Save Lives and Avoid Animal Suffering. The Use of Artificial Intelligence in Toxicology &#x2014; A Potential Driver for Reducing/Replacing Laboratory Animals in the Future (pp. 42&#x2013;61) /</subfield>
    <subfield code="r">Michael G. Diemar, Cyrille A.M. Krul, and Erwin L. Roggen</subfield>
  </datafield>
  <datafield tag="650" ind1=" " ind2=" ">
    <subfield code="a">Biomedical research</subfield>
    <subfield code="v">Periodicals</subfield>
  </datafield>
  <datafield tag="650" ind1=" " ind2=" ">
    <subfield code="a">Animals as alternatives in laboratoies</subfield>
    <subfield code="v">Periodicals</subfield>
  </datafield>
  <datafield tag="942" ind1=" " ind2=" ">
    <subfield code="2">lcc</subfield>
    <subfield code="c">SERIALS</subfield>
  </datafield>
  <datafield tag="999" ind1=" " ind2=" ">
    <subfield code="c">29098</subfield>
    <subfield code="d">29098</subfield>
  </datafield>
</record>
